000184275 001__ 184275
000184275 005__ 20230317222053.0
000184275 0247_ $$2doi$$a10.1088/1742-6596/635/9/092072
000184275 0247_ $$2ISSN$$a1742-6588
000184275 0247_ $$2ISSN$$a1742-6596
000184275 0247_ $$2WOS$$aWOS:000366407000500
000184275 037__ $$aGSI-2016-00042
000184275 041__ $$aEnglish
000184275 082__ $$a530
000184275 1001_ $$0P:(DE-Ds200)OR5131$$aBlumenhagen, Karl-Heinz$$b0$$eCorresponding author$$ugsi
000184275 245__ $$aElastic scattering of linearly polarized hard x-rays
000184275 260__ $$aBristol$$bIOP Publ.$$c2015
000184275 3367_ $$00$$2EndNote$$aJournal Article
000184275 3367_ $$2DRIVER$$aarticle
000184275 3367_ $$0PUB:(DE-HGF)16$$2PUB:(DE-HGF)$$aJournal Article$$bjournal$$mjournal$$s1452850782_20778
000184275 3367_ $$2BibTeX$$aARTICLE
000184275 536__ $$0G:(DE-HGF)POF3-6211$$a6211 - Extreme States of Matter: From Cold Ions to Hot Plasmas (POF3-621)$$cPOF3-621$$fPOF III$$x0
000184275 588__ $$aDataset connected to CrossRef
000184275 7001_ $$0P:(DE-Ds200)OR5345$$aGaßner, T.$$b1$$ugsi
000184275 7001_ $$0P:(DE-Ds200)OR0395$$aGumberidze, A.$$b2$$ugsi
000184275 7001_ $$0P:(DE-Ds200)OR2349$$aMärtin, R.$$b3$$ugsi
000184275 7001_ $$0P:(DE-HGF)0$$aSchell, N.$$b4
000184275 7001_ $$0P:(DE-Ds200)OR1223$$aSpillmann, U.$$b5$$ugsi
000184275 7001_ $$0P:(DE-Ds200)OR1305$$aTrotsenko, S.$$b6$$ugsi
000184275 7001_ $$0P:(DE-Ds200)OR1364$$aWeber, G.$$b7$$ugsi
000184275 7001_ $$0P:(DE-Ds200)OR1264$$aStöhlker, Thomas$$b8$$ugsi
000184275 773__ $$0PERI:(DE-600)2166409-2$$a10.1088/1742-6596/635/9/092072$$gVol. 635, no. 9, p. 092072 -$$n9$$p092072$$tJournal of physics / Conference Series$$v635$$x1742-6596$$y2015
000184275 909CO $$ooai:repository.gsi.de:184275$$pVDB
000184275 9101_ $$0I:(DE-Ds200)20121206GSI$$6P:(DE-Ds200)OR5131$$aGSI Helmholtzzentrum für Schwerionenforschung GmbH$$b0$$kGSI
000184275 9101_ $$0I:(DE-Ds200)Ext-HIJ$$6P:(DE-HGF)0$$aExternal Helmholtz Institute: HIJ$$b0$$kHIJ
000184275 9101_ $$0I:(DE-Ds200)20121206GSI$$6P:(DE-Ds200)OR5345$$aGSI Helmholtzzentrum für Schwerionenforschung GmbH$$b1$$kGSI
000184275 9101_ $$0I:(DE-Ds200)Ext-HIJ$$6P:(DE-Ds200)OR5345$$aExternal Helmholtz Institute: HIJ$$b1$$kHIJ
000184275 9101_ $$0I:(DE-Ds200)20121206GSI$$6P:(DE-Ds200)OR0395$$aGSI Helmholtzzentrum für Schwerionenforschung GmbH$$b2$$kGSI
000184275 9101_ $$0I:(DE-Ds200)20121206GSI$$6P:(DE-Ds200)OR2349$$aGSI Helmholtzzentrum für Schwerionenforschung GmbH$$b3$$kGSI
000184275 9101_ $$0I:(DE-Ds200)Ext-HIJ$$6P:(DE-Ds200)OR2349$$aExternal Helmholtz Institute: HIJ$$b3$$kHIJ
000184275 9101_ $$0I:(DE-Ds200)20121206GSI$$6P:(DE-Ds200)OR1223$$aGSI Helmholtzzentrum für Schwerionenforschung GmbH$$b5$$kGSI
000184275 9101_ $$0I:(DE-Ds200)20121206GSI$$6P:(DE-Ds200)OR1305$$aGSI Helmholtzzentrum für Schwerionenforschung GmbH$$b6$$kGSI
000184275 9101_ $$0I:(DE-Ds200)Ext-HIJ$$6P:(DE-Ds200)OR1305$$aExternal Helmholtz Institute: HIJ$$b6$$kHIJ
000184275 9101_ $$0I:(DE-Ds200)20121206GSI$$6P:(DE-Ds200)OR1364$$aGSI Helmholtzzentrum für Schwerionenforschung GmbH$$b7$$kGSI
000184275 9101_ $$0I:(DE-Ds200)Ext-HIJ$$6P:(DE-Ds200)OR1364$$aExternal Helmholtz Institute: HIJ$$b7$$kHIJ
000184275 9101_ $$0I:(DE-Ds200)20121206GSI$$6P:(DE-Ds200)OR1264$$aGSI Helmholtzzentrum für Schwerionenforschung GmbH$$b8$$kGSI
000184275 9131_ $$0G:(DE-HGF)POF3-621$$1G:(DE-HGF)POF3-620$$2G:(DE-HGF)POF3-600$$3G:(DE-HGF)POF3$$4G:(DE-HGF)POF$$9G:(DE-HGF)POF3-6211$$aDE-HGF$$bForschungsbereich Materie$$lVon Materie zu Materialien und Leben$$vIn-house research on the structure, dynamics and function of matter$$x0
000184275 9141_ $$y2015
000184275 915__ $$0StatID:(DE-HGF)0420$$2StatID$$aNationallizenz
000184275 915__ $$0StatID:(DE-HGF)0200$$2StatID$$aDBCoverage$$bSCOPUS
000184275 915__ $$0StatID:(DE-HGF)0300$$2StatID$$aDBCoverage$$bMedline
000184275 915__ $$0StatID:(DE-HGF)0500$$2StatID$$aDBCoverage$$bDOAJ
000184275 920__ $$lyes
000184275 9201_ $$0I:(DE-Ds200)ATP-20051214OR020$$kATP$$lAtomphysik$$x0
000184275 9201_ $$0I:(DE-Ds200)HIJ-20110223OR115$$kHIJ$$lHI Jena$$x1
000184275 980__ $$ajournal
000184275 980__ $$aVDB
000184275 980__ $$aI:(DE-Ds200)20110830OR020
000184275 980__ $$aI:(DE-Ds200)ATP-20051214OR020
000184275 980__ $$aI:(DE-Ds200)20120319OR115
000184275 980__ $$aI:(DE-Ds200)HIJ-20110223OR115
000184275 980__ $$aUNRESTRICTED